Statistics for Beyblade by Owner The beyblade burst version.

Click here to take the quiz!

General Stats

  • This quiz has been taken 261 times
  • The average score is 10 of 19

Answer Stats

BladerBeyblade% Correct
Valt AoiValtryek V2
86%
Shu KurenaiSpryzen S2
84%
Lui ShirasagiLuinor L2
82%
Xander ShakaderaXcalius X2
70%
Ken MidoriKerbeus K2
64%
Wakiya MurasakiWyvron W2
63%
Rantaro KiyamaRoktavor R2
62%
Daigo KurogamiDoomscizor D2
55%
Zac the SunriseZeutron Z2
54%
Orochi GinbaOdax O2
53%
Ukyo IbukiUnicrest U2
47%
Akira YamatogaAnubion A2
42%
Hoji KondaHorusood H2
37%
Yugo NansuiYegdrion Y2
36%
Ben AzukiBetromoth B2
31%
Gabe BrunaiGaianon G2
29%
Jin AizawaJormuntor J2
29%
Naoki MinamoNepstrius N2
29%
Quon LimonQuetzikon Q2
2%

Score Distribution

Percentile by Number Answered

Percent of People with Each Score

Your Score History

You have not taken this quiz